000 00659pam a2200241 a 4500
001 444871
005 20180313044535.0
008 821228s1983 nhua b 001 0 eng
010 _a 82040478
020 _a0874512565 :
_c$20.00
020 _a0874512573 (pbk.) :
_c$9.95
040 _aDLC
_cDLC
_dDLC
041 _aeng
043 _an-us---
080 _a324.9730
082 0 0 _a324.9730 SMA
_219
100 1 _a14
101 _aSHP
245 1 4 _aThe other candidates :
_cFrank Smallwood.
504 _aBibliography: p. 305-310.
906 _a7
_bcbc
_corignew
_d1
_eocip
_f19
_gy-gencatlg
942 _2ddc
_cBK
999 _c44814
_d44814